Normal view
MARC view
Entry Topical Term
001 - CONTROL NUMBER
- control field: 20721
003 - CONTROL NUMBER IDENTIFIER
- control field: BD-DhEWU
005 - DATE AND TIME OF LATEST TRANSACTION
- control field: 20170124133806.0
008 - FIXED-LENGTH DATA ELEMENTS
- fixed length control field: 170124|| aca||aabn | a|a d
040 ## - CATALOGING SOURCE
- Original cataloging agency: BD-DhEWU
- Transcribing agency: BD-DhEWU
150 ## - HEADING--TOPICAL TERM
- Topical term or geographic name as entry element: Phonetics
670 ## - SOURCE DATA FOUND
- Source citation: Work cat.: (BD-DhEWU)6779: COLLINS, Beverley 6576, Practical phonetics and phonology:, 2003